Los herederos del pasado Indg̕enas y pensamiento criollo en Colombia y Venezuela / Volumen II

Detalles Bibliográficos
Autor principal: Langebaek Rueda, Carl Henrik
Formato: eBook
Lenguaje:español
Publicado: Bogot:̀ Universidad de Los Andes (Colombia), 2021
Materias:
Acceso en línea:Acceso restringido

MARC

LEADER 00000nam a22000007a 4500
005 20211006120446.0
007 cr|||| ||||
008 211006s2021 co |||||s|||| 00||0 spa d
020 |a 978-958-798-029-5 
035 |a 35215 
040 |a vLex 
090 |c 12506  |d 12506 
100 1 |a Langebaek Rueda, Carl Henrik 
245 1 3 |a Los herederos del pasado  |h [Recurso electrn̤ico] :  |b Indg̕enas y pensamiento criollo en Colombia y Venezuela /  |c Carl Henrik Langebaek Rueda  |n Volumen II 
256 |a Servicio en ln̕ea 
260 |a Bogot:̀  |b Universidad de Los Andes (Colombia),  |c 2021 
300 |a 1 recurso electrn̤ico 
506 1 |a Disponible solo en los productos indicados  |d vLex Global  |d vLex Global (Academic Edition, excluding Law Schools)  |d vLex Global (U.S. Academic Edition, Law Schools)  |d vLex Global (U.S. Academic Edition, excluding Law Schools)  |d vLex Global (Academic Edition, Law Schools) 
650 0 4 |a Ciencias sociales  |z Colombia 
740 0 |a vLex Libros (Servicio en ln̕ea) 
856 4 0 |u https://app.vlex.com/#/sources/35215  |z Acceso restringido 
942 |c BOOK 
999 0 |a Social Sciences